| 000 | 01624nam0a22002891 4500 | ||
|---|---|---|---|
| 001 | v19\rc\1694534 | ||
| 005 | 20250619024731.0 | ||
| 035 | _a(NLR Aleph) 004797651 | ||
| 090 |
_a4795536 _c4795536 |
||
| 100 | _a20061002d1897 |||y0rusy50 ca | ||
| 101 | 0 | _arus | |
| 102 | _aRU | ||
| 105 | _ay z |||h| | ||
| 200 | 1 |
_aРечь д-ра Н.П. Прейс к торжественному заседанию Русского бальнеологического общества в г. Пятигорске, посвященному чествованию доктора Семена Алексеевича Смирнова, 20 июля 1896 года _fНик. Пав. Прейс, врач практикующий во время сезона на Кав. минерал. водах |
|
| 210 |
_aХарьков _cтип. Губ. правл. _d1897 |
||
| 215 |
_a8 с. _d24 |
||
| 532 | 1 | 0 | _aРечь доктора Николая Павловича Прейс к торжественному заседанию Русского бальнеологического общества в г. Пятигорске, посвященному чествованию доктора Семена Алексеевича Смирнова, 20 июля 1896 года |
| 700 | 1 |
_aПрейс _bН.П. _f1856- _gНиколай Павлович |
|
| 702 | 1 |
_aСмирнов _bС.А. _f1819-1911 _gСемен Алексеевич _4570 |
|
| 801 | 0 |
_aRU _bNLR _gpsbo |
|
| 801 | 0 |
_aRU _bRuMoRGB _2psbo |
|
| 801 | 1 |
_aRU _bProSoft-M _2rusmarc |
|
| 852 |
_aNLR _j18.224.6.291 |
||
| 899 |
_aRuMoRGB _jV 116/568 |
||
| 899 | _aБАН | ||
| 942 | _cBOOK | ||
| 980 | _aNB | ||